000 00919nam a2200277 i 4500
001 98499
003 ES-MaACL
005 20250818131144.0
007 t|
008 050923s1970 sp f ||||1|cspa d
080 _a929 Fouquier-Tinville, Antoine Quentin
080 _a929 Borgia, Cesare
100 1 _aCouband, Claude.
_941211
245 1 0 _aFouquier-Tinville /
_cClaude Couband
_b. César Borgia / Lucien Vieville.
246 3 _aCésar Borgia
260 _a[Madrid] :
_bCírculo de Amigos de la Historia,
_c[1970]
300 _a250 p. 4 h. de lám. ;
_c18 cm.
490 1 _aPersonajes malditos de la historia ;
_v1
600 1 4 _aFouquier-Tinville, Antoine-Quentin.
_951952
600 1 4 _aBorgia, Cesare.
_930478
700 1 _aViéville, Lucien.
_9114605
700 2 _a
_9241883
830 1 _aPersonajes malditos de la historia ;
_v1
_9184476
852 _aES-MaACL
_jC-45406
999 _c98499
_d98499